| 000 | 00414nam a2200157Ia 4500 | ||
|---|---|---|---|
| 008 | 210716s1990 xx 000 0 und d | ||
| 020 | _a876926383 | ||
| 041 | _aeng | ||
| 082 | _a004.35 RAJV | ||
| 100 | _aRajaraman, V | ||
| 245 | _aElements of parallel computing. | ||
| 250 | _a1 | ||
| 260 |
_aNew Delhi _bPrentice Hall of India PVt Ltd _c1990 |
||
| 300 | _aviii,144 | ||
| 650 | _aParallel Programming(005.275) | ||
| 999 |
_c181778 _d181778 |
||